000 00280nam a22001217a 4500
082 _a001
_bDHI/W
245 _a THE WORLD OF CHILDREN'S KNOWLEDGE
250 _aFIRST
260 _aDELHI
_bDHINGRA PUBLISHING HOUSE
300 _a95
650 _aGENERAL KNOWLEDGE
_zINDIA
942 _cBK
999 _c2670
_d2670